Les chaimes d'or (Record no. 64159)
[ view plain ]
| 000 -LEADER | |
|---|---|
| campo de control de longitud fija | 00526nam a2200169 i 4500 |
| 001 - NÚMERO DE CONTROL | |
| campo de control | 64159 |
| 003 - IDENTIFICADOR DE NÚMERO DE CONTROL | |
| campo de control | ES-MaACL |
| 005 - FECHA Y HORA DE LA ÚLTIMA TRANSACCIÓN | |
| campo de control | 20230906165046.0 |
| 007 - CAMPO FIJO DE DESCRIPCIÓN FÍSICA--INFORMACIÓN GENERAL | |
| campo de control de longitud fija | t| |
| 008 - DATOS DE LONGITUD FIJA--INFORMACIÓN GENERAL | |
| campo de control de longitud fija | 031222s1911 fr ||||1| fre d |
| 100 1# - ENTRADA PRINCIPAL--NOMBRE DE PERSONA | |
| Nombre de persona | Fleming, M. A. |
| 9 (RLIN) | 51174 |
| 245 14 - MENCIÓN DEL TÍTULO | |
| Título | Les chaimes d'or |
| Resto del título | : roman / |
| Mención de responsabilidad, etc. | M.A. Fleming ; traduit de l'anglais par Yorick Bernard-Derosne. |
| 260 ## - PUBLICACIÓN, DISTRIBUCIÓN, ETC. | |
| Lugar de publicación, distribución, etc. | [S.l. : |
| Nombre del editor, distribuidor, etc. | s.n., |
| Fecha de publicación, distribución, etc. | 1911] ( |
| Lugar de fabricación/manufactura | Coulommiers : |
| Fabricante | P. Brodard) |
| 300 ## - DESCRIPCIÓN FÍSICA | |
| Extensión | 306 p. ; |
| Dimensiones | 19 cm. |
| 700 1# - ENTRADA AGREGADA--NOMBRE PERSONAL | |
| Nombre de persona | Bernard-Derosne, Yorick. |
| 9 (RLIN) | 28264 |
| 852 ## - LOCALIZACIÓN | |
| Ubicación | ES-MaACL |
| Número de control de estantería | F-4946 |
| Estatus retirado | Estado de pérdida | Estado de daño | No para préstamo | Biblioteca de origen | Biblioteca actual | Ubicación en estantería | Fecha de adquisición | Fuente de adquisición | Total de préstamos | Signatura topográfica completa | Código de barras | Visto por última vez | Precio de reemplazo | Tipo de ítem Koha |
|---|---|---|---|---|---|---|---|---|---|---|---|---|---|---|
| Biblioteca del Ateneo de Madrid | Biblioteca del Ateneo de Madrid | Depósito 2 | 17/01/2008 | F-4946 | 1067237 | 23/02/2023 | 23/02/2023 | Libro impreso |
